3er Concurso de Mariachi Tradicional /
محفوظ في:
| مؤلفون مشاركون: | , , , , , , |
|---|---|
| مؤلفون آخرون: | , |
| التنسيق: | وقائع المؤتمر سمعي |
| اللغة: | الإسبانية |
| منشور في: |
México : Guadalajara, México :
CONACULTA ; Gobierno del Estado de Jalisco, Secretaría de Cultura,
2002, c2002
|
| الموضوعات: | |
| الوسوم: |
لا توجد وسوم, كن أول من يضع وسما على هذه التسجيلة!
|
MARC
| LEADER | 00000njm^a2200000^a^4500 | ||
|---|---|---|---|
| 001 | 000264858 | ||
| 005 | 20251020000000.0 | ||
| 009 | 20260310110659.671 | ||
| 037 | |a Acervo ITESO - Biblioteca | ||
| 041 | |a SON | ||
| 041 | |a ESP | ||
| 082 | |a 786. 1615 |b ENC NAC CON 2002 | ||
| 111 | |a Encuentro Nacional de Mariachi Tradicional ( |n 1º : |d 2002 : |c Guadalajara, México) | ||
| 240 | 1 | 4 | |a [El carnaval] |
| 240 | 1 | 4 | |a [El huizache] |
| 240 | 1 | 4 | |a [El tren] |
| 240 | 1 | 1 | |a [Son de tacachota] |
| 240 | 1 | 1 | |a [Apolonio Medina] |
| 240 | 1 | 4 | |a [El Chalate] |
| 240 | 1 | 4 | |a [El viento de la sierra] |
| 240 | 1 | 1 | |a [Ne tat suani] |
| 240 | 1 | 4 | |a [El relámpago] |
| 240 | 1 | 4 | |a [El jarabe de Jalisco] |
| 240 | 1 | 4 | |a [El toro viejo] |
| 240 | 1 | 1 | |a [Son de la Negra] |
| 240 | 1 | 5 | |a [Las conchitas] |
| 240 | 1 | 1 | |a [Ay muy apenas me acuerdo] |
| 240 | 1 | 1 | |a [Casita de teja] |
| 240 | 1 | 1 | |a [Cerrito de la Cruz] |
| 245 | 1 | 0 | |a 3er Concurso de Mariachi Tradicional / |c Ejecución musical del Mariachi Paquiztli Cuautli Azteca, Mariachi Antiguo de Los Altos de Jalisco, Mariachi Encino, Mariachi Tequileño ; arpa R. Ruiz de la Torre ; grabación de J. Velasco Ramírez. |
| 264 | 4 | |a México : |b CONACULTA ; |a Guadalajara, México : |b Gobierno del Estado de Jalisco, Secretaría de Cultura, |c 2002, c2002 | |
| 300 | |a 1 disco compacto sonoro (sin dato de duracin) + |e 1 folleto (4 p.) | ||
| 336 | |a música interpretada |b prm |2 rdacontenido | ||
| 337 | |a audio |b s |2 rdamedio | ||
| 338 | |a disco sonoro |b sd |2 rdasoporte | ||
| 649 | |a XX | ||
| 650 | |a Mariachi - |z México | ||
| 650 | |a Son - |z México | ||
| 650 | |a Corridos (Música) - |z México | ||
| 650 | |a Polca - |z México | ||
| 650 | |a Música Folklórica - |z México | ||
| 650 | |a Música Popular - |z México | ||
| 650 | |a Música Jalisciense | ||
| 650 | |a Música Mexicana | ||
| 711 | |a Concurso de Mariachi Tradicional ( |n 3º : |d 2002 : |c Guadalajara, México) | ||
| 711 | |a Encuentro Internacional del Mariachi y la Charrería ( |n 9º : |d 2002 : |c Guadalajara, México) | ||
| 710 | |a Mariachi Paquiztli Cuautli Azteca |e (ejecución musical) | ||
| 710 | |a Mariachi Antiguo de Los Altos de Jalisco |e (ejecución musical) | ||
| 710 | |a Mariachi Encino |e (ejecución musical) | ||
| 710 | |a Mariachi Tequileño |e (ejecución musical) | ||
| 700 | |a Ruiz de la Torre, Rosendo |e (ejecución musical) | ||
| 700 | |a Velasco Ramírez, Joaquín |e (grabación) | ||
| 910 | |a Fondo General | ||
| 920 | |a Sonoros - CDs | ||
| 940 | |a CDs de Música | ||
| 905 | |a 401 | ||
| 901 | |a 0500148547 |b IT2 |c CDM |u 20250521 | ||
| 901 | |a 0500148610 |b IT2 |c MIM |u 20251020 | ||
| 902 | |a https://opac.biblio.iteso.mx/vufind/Record/000264858 | ||